Caribbean capitals - Statistics

General Stats
  • This quiz has been taken 66 times
  • The average score is 11 of 13
Answer Stats
Hint Answer % Correct
Cuba Havana
98%
Jamaica Kingston
98%
Haiti Port Au Prince
98%
Bahamas Nassau
95%
Dominican Republic Santo Domingo
90%
Trinidad and Tobago Port of Spain
88%
Dominica Roseau
83%
Antigua and Barbuda Saint Johns
80%
Saint Kitts and Nevis Basseterre
78%
Grenada Saint Georges
78%
Barbados Bridgetown
76%
Saint Lucia Castries
73%
Saint Vincent Kingstown
71%
No matching quizzes found
Score Distribution
Percent of People with Each Score
Percentile by Number Answered
Your Score History
You have not taken this quiz